Capitals With Nine or More Letters - Statistics

General Stats
  • This quiz has been taken 1,207 times
    1,013 since last reset
  • The average score is 46 of 62
Answer Stats
letters capital % Correct
10 Washington
94%
10 Wellington
92%
10 Mexico City
89%
12 Port-au-Prince
89%
11 Buenos Aires
88%
11 Port-of-Spain
87%
10 Addis Ababa
86%
12 Antananarivo
86%
13 Guatemala City
86%
10 Panama City
86%
11 Port Moresby
86%
14 Andorra la Vella
84%
12 Santo Domingo
84%
11 Ulaanbaatar
84%
11 Brazzaville
83%
10 Paramaribo
83%
11 Vatican City
83%
10 Georgetown
82%
9 Islamabad
82%
11 Kuala Lumpur
82%
10 Kuwait City
82%
9 Amsterdam
81%
9 Reykjavik
80%
9 Stockholm
80%
9 Bucharest
79%
9 Pyongyang
79%
17 Bandar Seri Begawan
78%
10 Bratislava
78%
10 Luxembourg
78%
9 Port Louis
78%
12 Saint George's
78%
9 Porto-Novo
77%
10 Saint John's
77%
12 Bloemfontein
76%
10 Bridgetown
76%
9 Jerusalem
76%
10 Libreville
76%
10 Montevideo
76%
9 Kathmandu
75%
9 Phnom Penh
75%
9 Podgorica
75%
9 Singapore
75%
9 San Marino
74%
11 San Salvador
73%
10 Copenhagen
72%
9 Mogadishu
72%
10 Basseterre
71%
9 Ljubljana
71%
9 Nuku'alofa
70%
9 Kingstown
69%
9 Naypyidaw
69%
9 Vientiane
69%
11 Tegucigalpa
65%
12 South Tarawa
63%
12 Yamoussoukro
62%
11 Ouagadougou
60%
10 Nouakchott
55%
23 Sri Jayewardenepura Kotte
54%
9 Ngerulmud
46%
10 O{ranjestad}
29%
10 W{illemstad}
27%
11 P{hilipsburg}
24%
No matching quizzes found
Score Distribution
Percent of People with Each Score
Percentile by Number Answered
Your Score History
You have not taken this quiz since the last reset